Honest Movie Titles II Quiz Stats

 Plays Quiz Updated Sep 29, 2017

Challenge
Share
Tweet
Embed
Score 0/20 Timer 05:00
2 Plays Today
% Correct
Beauty and the Beast
92.6%
Jaws
89.3%
World War Z
88.3%
Bill & Ted's Excellent Adventure
85.2%
Shrek
81.7%
Gladiator
81.5%
Maleficent
79.3%
The Social Network
78.2%
The Force Awakens
77.9%
Wreck-It Ralph
73.9%
% Correct
Zootopia
73.3%
Wonder Woman
67.2%
Memento
64.9%
Warcraft
64.6%
Fantastic Beasts & Where to Find Them
63.8%
The Fate of the Furious
63.1%
Moana
58.8%
Mortal Kombat
55.2%
The Revenant
47.3%
John Wick
45.4%

You're not logged in!

Compare scores with friends on all Sporcle quizzes.
Join for Free
OR
Log In

You Might Also Like...

Show Comments

Extras

Top Quizzes Today


Score Distribution

Your Account Isn't Verified!

In order to create a playlist on Sporcle, you need to verify the email address you used during registration. Go to your Sporcle Settings to finish the process.

Report this User

Report this user for behavior that violates our Community Guidelines.

Details: